000 00242nam a2200097Ia 4500
001 649455
005 20250826153742.0
008 250824s9999 xx 000 0 und d
245 0 _aACABA NE OLSAM? BİLİM İNSANI
_cTOPRAK IŞIK
260 _bTUDEM
999 _c649455
_d649455